2018 Budget Address: "accelerating fiscal fitness for sustained inclusive growth, without leaving anyone behind" (Record no. 33121)

MARC details
000 -LEADER
fixed length control field 00830nam a2200157 a 4500
008 - FIXED-LENGTH DATA ELEMENTS--GENERAL INFORMATION
fixed length control field 180911s2017 ||||||||||||||||| || u
050 ## - LIBRARY OF CONGRESS CALL NUMBER
Classification number GOV.ZAM(058)BA/2017
245 00 - TITLE STATEMENT
Title 2018 Budget Address: "accelerating fiscal fitness for sustained inclusive growth, without leaving anyone behind"
Statement of responsibility, etc. by Government of the Republic of Zambia, Ministry of Finance
260 ## - PUBLICATION, DISTRIBUTION, ETC.
Place of publication, distribution, etc. Lusaka
Name of publisher, distributor, etc. Government of the Republic of Zambia, Ministry of Finance (MoF)
Date of publication, distribution, etc. 2017
300 ## - PHYSICAL DESCRIPTION
Extent 38 pages : illustrations
500 ## - GENERAL NOTE
General note Presented by Hon. Felix C. Mutati, MP
650 ## - SUBJECT ADDED ENTRY--TOPICAL TERM
Topical term or geographic name entry element BUDGET--ZAMBIA
650 ## - SUBJECT ADDED ENTRY--TOPICAL TERM
Topical term or geographic name entry element FINANCE, PUBLIC--ZAMBIA
650 ## - SUBJECT ADDED ENTRY--TOPICAL TERM
Topical term or geographic name entry element BUDGET--ZAMBIA--PERIDICALS
995 ## - RECOMMENDATION 995 [LOCAL, UNIMARC FRANCE]
-- CBU-MAIN LIBRARY (Kitwe)
-- 1
-- AVAILABLE
-- Sep 11, 2018
-- Government the Republic of Zambia Documents
-- University Collection
Holdings
Withdrawn status Lost status Source of classification or shelving scheme Damaged status Not for loan Home library Current library Shelving location Date acquired Total Checkouts Full call number Barcode Date last seen Price effective from Koha item type
          CBU-MAIN LIBRARY, KITWE. CBU-MAIN LIBRARY, KITWE.   11/30/2022   GOV.ZAM(058)BA/2017 B3716 11/30/2022 11/30/2022 MONOGRAPH